Statistiques concernant Paroles - Calumet, Hornet la Frappe

Cliquez ici pour prendre le quiz!

Statistiques générales

  • Ce quiz a été pris 17 fois
  • Le résultat moyen est 146 sur 291

Statistiques - réponses

Réponse% Correct
calumet
100%
à
91%
a
91%
A
91%
la
91%
La
91%
mon
91%
allume
82%
Celui
82%
de
82%
j'vais
82%
l'allumer
82%
Moi
82%
moi
82%
qui
82%
ma
73%
m'a
73%
bouge
64%
cité
64%
est
64%
Toute
64%
Allumez
55%
défoncée
55%
des
45%
et
45%
résine
45%
Jalousie
36%
j'suis
36%
J'suis
36%
on
36%
pris
36%
risques
36%
Audi
27%
d'humeur
27%
En
27%
en
27%
j'hallucine
27%
j'oublie
27%
J'pense
27%
le
27%
pas
27%
ramenez
27%
SIM
27%
toi
27%
Tu
27%
un
27%
vie
27%
c'est
18%
dans
18%
disques
18%
divers
18%
eh
18%
elle
18%
Faut
18%
gros
18%
Gucci
18%
j'casse
18%
J'crois
18%
les
18%
logique
18%
m'adoucit
18%
mal-luné
18%
mes
18%
mousse
18%
(ouais)
18%
paire
18%
pour
18%
p'tit
18%
que
18%
reuf
18%
titres
18%
vend
18%
ans
9%
Avec
9%
billets
9%
boutiques
9%
brune
9%
Cab
9%
cambrure
9%
cent
9%
deux
9%
dévalise
9%
dix
9%
d'soucis
9%
du
9%
Faits
9%
j'm'en
9%
j'men
9%
l'grand
9%
même
9%
(nan)
9%
Nouvelle
9%
qu'à
9%
qu'j'suis
9%
sous
9%
trop
9%
verts
9%
veulent
9%
virage
9%
amis
0%
bien
0%
calle
0%
calme
0%
Cet
0%
d'amitié
0%
fusillé
0%
hiver
0%
Ils
0%
j'change
0%
J'compte
0%
j'dois
0%
J'marche
0%
j'négocie
0%
Kush
0%
l'atterissage
0%
l'oublier
0%
m'en
0%
mille
0%
OG
0%
paysage
0%
petite
0%
qu'avec
0%
qu'on
0%
sais
0%
sale
0%
sans
0%
thunes
0%
tirer
0%
vu
0%

Distribution des résultats

Percentile par nombre de réponses

% des personnes avec chaque résultat

Votre développement - résultats

Vous n’avez pas pris ce quiz